[Event "Ch Bulgaria"]
[Site "masterchessopen.com - Sofia (Bulgaria)"]
[Date "1970.03.02"]
[Round "9"]
[White "Radev Nikolai (BUL)"]
[Black "Padevsky Nikola (BUL)"]
[Result "1-0"]
[WhiteElo "2304"]
[BlackElo "2355"]

1.d4 Nf6 2.c4 c5 3.d5 e6 4.Nc3 exd5 5.cxd5 d6 6.e4 g6 7.Nf3 Bg7 8.Bg5 h6 9.Bh4
g5 10.Bg3 Nh5 11.Bb5+ Kf8 12.Be2 Nxg3 13.fxg3 Nd7 14.O-O Qe7 15.Qc2 a6 16.a4
h5 17.Nd1 Ne5 18.Ra3 Ng6 19.Ne3 g4 20.Nh4 Nxh4 21.gxh4 Qxh4 22.Nc4 Qe7 23.e5
Bxe5 24.Nxe5 Qxe5 25.Qg6 Qe7 26.Kh1 f5 27.Bd3 Qf7 28.Qxd6+ Qe7 29.Qg6 Qf7
30.Qb6 Qxd5 31.Qf6+ Kg8 32.Qg6+ Kf8 33.Bxf5 {#r} 1-0

[Event "It (open)"]
[Site "masterchessopen.com - Villa Gesell (Argentina)"]
[Round "4"]
[White "Panno Oscar (ARG)"]
[Black "Fernandez Ignacio (ARG)"]
[Result "1-0"]
[WhiteElo "2570"]
[BlackElo "2265"]

1.d4 Nf6 2.c4 e6 3.Nf3 c5 4.d5 exd5 5.cxd5 d6 6.Nc3 g6 7.e4 Bg7 8.Bg5 O-O
9.Nd2 Re8 10.Be2 Nbd7 11.a4 h6 12.Be3 b6 13.h3 Bb7 14.Ra3 a6 15.O-O Qc7 16.Qc2
Rac8 17.Rc1 g5 18.Nf1 Ne5 19.Ng3 Ng6 20.Nd1 Re5 21.Bd2 Nh4 22.Ne3 Nxe4 23.Nxe4
f5 24.Nc3 Rce8 25.Bh5 f4 26.Nc4 Bc8 27.Nxe5 Rxe5 28.Re1 Bf5 29.Qd1 {#r} 1-0

[Event "Ch Bulgaria"]
[Site "masterchessopen.com - Sofia (Bulgaria)"]
[Date "1973.02.08"]
[Round "7"]
[White "Radev Nikolai (BUL)"]
[Black "Prodanov Dimitar (BUL)"]
[Result "1-0"]
[WhiteElo "2304"]
[BlackElo "2325"]

1.d4 Nf6 2.c4 c5 3.d5 e6 4.Nc3 exd5 5.cxd5 d6 6.e4 g6 7.Nf3 Bg7 8.Bg5 h6 9.Bh4
g5 10.Bb5+ Kf8 11.Bg3 Nh5 12.Be2 Nxg3 13.hxg3 a6 14.a4 Nd7 15.Nd2 Ne5 16.g4
Rb8 17.a5 b5 18.axb6 Rxb6 19.Ra2 Qe7 20.Kf1 Bf6 21.g3 Kg7 22.f3 Bd7 23.Kg2 Bb5
24.Nxb5 axb5 25.Nf1 Kh7 26.Ne3 Bg7 27.Qd2 Qf6 28.Nf5 Qg6 29.f4 gxf4 30.Qxf4
Re8 31.g5 Kg8 32.gxh6 Bf6 33.h7+ Kh8 34.Rh6 Qg5 35.Qxg5 Bxg5 36.Rxd6 Rb7
37.Rda6 Be7 38.Ra7 Rxa7 39.Rxa7 Bf8 40.Bh5 Kxh7 41.Rb7 b4 42.b3 Kg8 43.Kf2 Rd8
44.Ke3 Rd7 45.Rxd7 Nxd7 46.d6 Ne5 47.Kf4 f6 48.Be8 Nf7 49.d7 Nd8 50.Ke3 c4
51.bxc4 Bc5+ 52.Kd3 Kf8 53.Kc2 Ne6 54.Kb3 Nd8 55.Ka4 Bb6 56.Kxb4 Ne6 57.Kb5
Bc7 58.c5 Bd8 {#r} 1-0

[Event "It (w)"]
[Site "masterchessopen.com - Halle (Germany)"]
[Round "0"]
[White "Muresan Margareta (ROM)"]
[Black "Petrova-Kalmukova Marlen (BUL)"]
[Result "1-0"]
[WhiteElo "2206"]
[BlackElo "2155"]

1.d4 Nf6 2.c4 c5 3.d5 e6 4.Nc3 exd5 5.cxd5 d6 6.e4 g6 7.Nf3 Bg7 8.Bg5 h6 9.Bh4
g5 10.Bg3 Nh5 11.Bb5+ Bd7 12.Bxd7+ Qxd7 13.Ne5 Qe7 14.Qxh5 Bxe5 15.Bxe5 Qxe5
16.O-O-O Nd7 17.g3 O-O-O 18.f4 gxf4 19.Qxe5 Nxe5 20.gxf4 Ng4 21.Rd2 Rhg8 22.h3
Ne3 23.Re2 Ng2 24.Rf1 Nh4 25.e5 Nf5 26.Ree1 Nd4 27.Ne4 dxe5 28.fxe5 f5 29.exf6
Rxd5 30.f7 Rf8 31.Nf6 {#r} 1-0

[Event "Ch Sweden"]
[Site "masterchessopen.com - Sweden"]
[Round "0"]
[White "Nordstrom Felix (SWE)"]
[Black "Wahlbom Magnus (SWE)"]
[Result "0-1"]
[WhiteElo "2325"]
[BlackElo "2288"]

1.d4 Nf6 2.c4 c5 3.d5 e6 4.Nc3 exd5 5.cxd5 d6 6.Nf3 g6 7.e4 Bg7 8.Bg5 h6 9.Bh4
g5 10.Bg3 Nh5 11.Bb5+ Kf8 12.Be2 Qe7 13.Qc2 Nd7 14.Nd2 Nxg3 15.hxg3 Ne5 16.Nd1
Bd7 17.a4 Re8 18.Ne3 Kg8 19.g4 h5 20.gxh5 g4 21.Ndf1 Bh6 22.Ra3 Bf4 23.g3 Bxe3
24.Nxe3 Qg5 25.Kd2 Rxh5 26.Qd1 Rxh1 27.Qxh1 Qf6 28.Nd1 Kg7 29.Kc1 Ng6 30.Bb5
Rh8 31.Qe1 Bc8 32.b4 cxb4 33.Qxb4 Rh1 34.Rc3 a6 35.Bd3 Bd7 36.Bc2 b5 37.Rc7
Ne5 38.a5 Qg5+ 39.Kb1 Qf6 40.Qd4 Be8 41.Ra7 b4 42.Rxa6 Bb5 43.Rb6 Bd3 44.Kc1
Be2 45.Kb1 Nc4 46.Qxf6+ Kxf6 47.Rxb4 Na3+ 48.Kb2 Nxc2 49.Kxc2 Rxd1 50.Ra4 Rh1
51.Ra3 Rh8 52.a6 Ra8 53.a7 Ke5 54.Ra4 Bb5 55.Ra5 Bd7 56.Kd3 f5 57.exf5 Bxf5+
58.Kc4 Be4 59.Kb5 Bxd5 60.Kb6 Rc8 61.Ra4 Bf3 62.Ra5+ Ke6 63.Ra4 Kd7 64.Rf4
Rc6+ 65.Ka5 Rc1 66.Rf7+ Ke6 67.Rf8 Ke5 68.Rd8 Kd4 69.Rg8 Kd3 70.Kb4 Ra1 71.Rd8
Rxa7 72.Rxd6+ Ke2 {#R} 0-1

[Event "Ch Scotland"]
[Site "masterchessopen.com - Dundee (Scotland)"]
[Round "1"]
[White "Muir Andrew J (SCO)"]
[Black "Stewart Kenneth (SCO)"]
[Result "0-1"]
[WhiteElo "2311"]
[BlackElo "2115"]

1.d4 Nf6 2.c4 c5 3.d5 e6 4.Nc3 exd5 5.cxd5 d6 6.Nf3 g6 7.e4 Bg7 8.Bg5 h6 9.Bh4
g5 10.Bg3 Nh5 11.Bb5+ Kf8 12.e5 Nxg3 13.fxg3 g4 14.O-O a6 15.e6 gxf3 16.Qxf3
Bd4+ 17.Kh1 f6 18.Bd3 Ke7 19.Ne4 Qf8 20.Qf4 Be5 21.Qd2 b6 22.Rf5 Qg7 23.Raf1
Rf8 24.Be2 a5 25.Rh5 Ba6 26.Bxa6 Nxa6 27.Qxh6 Qxh6 28.Rxh6 Rh8 29.Rg6 Rag8
30.Rxg8 Rxg8 31.Nd2 Nb4 {#R} 0-1

[Event "Ch URS (1 liga)"]
[Site "masterchessopen.com - Baku (Azerbaijan)"]
[Round "17"]
[White "Gulko Boris F (USA)"]
[Black "Savon Vladimir A (UKR)"]
[Result "1-0"]
[WhiteElo "2585"]
[BlackElo "2540"]

1.d4 Nf6 2.c4 e6 3.Nf3 c5 4.d5 exd5 5.cxd5 d6 6.Nc3 g6 7.e4 Bg7 8.Bg5 h6 9.Bh4
g5 10.Bg3 Nh5 11.Bb5+ Kf8 12.e5 Nxg3 13.fxg3 a6 14.Bd3 c4 15.Bxc4 b5 16.Bb3
Qb6 17.Qe2 dxe5 18.O-O-O b4 19.Na4 Qd6 20.Nd2 Bd7 21.Nc4 Bb5 22.Nxd6 Bxe2
23.Rd2 Bb5 24.Nb6 Ra7 25.Rc2 Bf6 26.Nxb5 axb5 27.d6 Nd7 28.Nc8 Ra6 29.Rf1 Kg7
30.Ne7 e4 31.Bd5 Rf8 32.Nf5+ Kh7 33.Rc7 Ne5 34.Bxe4 Kh8 35.Bd5 Nc4 36.Nxh6
Bxb2+ 37.Kb1 Bg7 38.Nxf7+ Kh7 39.Nxg5+ Kh6 40.Rxf8 Bxf8 41.d7 {#r} 1-0

[Event "Ch Great Britain"]
[Site "masterchessopen.com - Brighton (England)"]
[Round "11"]
[White "Botterill George S (WLS)"]
[Black "Century Jonathan"]
[Result "1-0"]
[WhiteElo "2360"]
[BlackElo "2200"]

1.d4 Nf6 2.c4 c5 3.d5 e6 4.Nc3 exd5 5.cxd5 d6 6.e4 g6 7.Nf3 Bg7 8.Bg5 O-O
9.Nd2 Qe7 10.Be2 Nbd7 11.O-O h6 12.Bh4 g5 13.Bg3 Ne5 14.f4 gxf4 15.Bxf4 Ng6
16.Bg3 Nd7 17.Nc4 Bd4+ 18.Bf2 Bxf2+ 19.Rxf2 Nde5 20.Qd2 Kh7 21.Raf1 f6 22.Ne3
a6 23.Bh5 Bd7 24.Ne2 Qg7 25.Bxg6+ Qxg6 26.Nf5 Ng4 27.Rf4 Bxf5 28.Rxf5 Ne5
29.Nf4 Qg4 30.h3 Qh4 31.Rh5 Qg3 32.Ne6 Qg6 33.Nxf8+ Rxf8 34.Rhf5 Kg7 35.R1f4
Qe8 36.Rh4 Rh8 37.Qf2 Qf7 38.Rhf4 Nd7 39.Qg3+ Kh7 40.Qh4 Kg7 41.Rg4+ Kf8
42.Rh5 Qh7 43.Kh2 Kf7 44.Qf2 Ne5 45.Rf4 Nd7 46.Rfh4 Qg6 47.Qf4 Rg8 48.g3 {#r}
1-0

[Event "Ch Great Britain"]
[Site "masterchessopen.com - Brighton (England)"]
[Round "10"]
[White "Lambert Glenn E J (ENG)"]
[Black "Chandler Clifford R (ENG)"]
[Result "1-0"]
[WhiteElo "2295"]
[BlackElo "2261"]

1.d4 Nf6 2.c4 c5 3.d5 e6 4.Nc3 exd5 5.cxd5 d6 6.Nf3 g6 7.e4 Bg7 8.Bg5 h6 9.Bh4
a6 10.Nd2 b5 11.a4 b4 12.Ncb1 O-O 13.Bd3 Re8 14.O-O Nbd7 15.f4 Nb6 16.a5 c4
17.Be2 g5 18.fxg5 Nxe4 19.Bh5 Bd4+ 20.Kh1 hxg5 21.Bxf7+ Kg7 22.Qh5 Nf6 23.Qg6+
Kf8 24.Bxe8 Ra7 25.Bxg5 Nxd5 26.Bh6+ {#r} 1-0

[Event "Ch Europe (juniors)"]
[Site "masterchessopen.com - Groningen (Netherlands)"]
[Round "3"]
[White "Goodman David S C (ENG)"]
[Black "Pedersen Erik (DEN)"]
[Result "1-0"]
[WhiteElo "2340"]
[BlackElo "2399"]

1.d4 Nf6 2.c4 c5 3.d5 e6 4.Nc3 exd5 5.cxd5 d6 6.e4 g6 7.Nf3 Bg7 8.Bg5 a6 9.Nd2
b5 10.a4 b4 11.Ncb1 O-O 12.Bd3 Qc7 13.Qc2 h6 14.Bxf6 Bxf6 15.O-O Nd7 16.f4 Bg7
17.Nc4 Nb6 18.Nbd2 Nxc4 19.Nxc4 Bd4+ 20.Kh1 f5 21.Rae1 Rb8 22.e5 Bb7 23.Nxd6
Bxd5 24.Bc4 Qc6 25.Qb3 Bxc4 26.Qxc4+ Kh7 27.b3 Rbd8 28.Rd1 Qb6 29.Rf3 Rd7
30.Qe6 Rg7 31.Rh3 Qc6 {#r} 1-0

[Event "It"]
[Site "masterchessopen.com - New York (USA)"]
[Round "0"]
[White "Matera Salvatore (J/U)"]
[Black "Feuerstein Arthur (USA)"]
[Result "1-0"]
[WhiteElo "2425"]
[BlackElo "2100"]

1.d4 Nf6 2.c4 c5 3.d5 e6 4.Nc3 exd5 5.cxd5 d6 6.e4 g6 7.Nf3 Bg7 8.Bg5 h6 9.Bh4
O-O 10.Nd2 b6 11.Be2 Ba6 12.O-O Qd7 13.a4 Re8 14.h3 Qb7 15.Bb5 Bxb5 16.axb5
Nbd7 17.f4 a6 18.Qf3 axb5 19.Nxb5 Rxa1 20.Rxa1 Ra8 21.Re1 Ne8 22.Nc4 Qb8
23.Be7 Ra4 24.b3 Rb4 25.Ncxd6 Nxd6 26.Bxd6 Bd4+ 27.Kh1 Qa8 28.e5 Qa2 29.e6
Rxb3 30.Qxb3 Qxb3 31.exd7 {#r} 1-0

[Event "It"]
[Site "masterchessopen.com - New York (USA)"]
[Round "0"]
[White "Matera Salvatore (J/U)"]
[Black "Rohde Michael A (USA)"]
[Result "0-1"]
[WhiteElo "2425"]
[BlackElo "2452"]

1.d4 Nf6 2.c4 c5 3.d5 e6 4.Nc3 exd5 5.cxd5 d6 6.e4 g6 7.Nf3 Bg7 8.Bg5 h6 9.Bh4
g5 10.Bg3 Nh5 11.Bb5+ Kf8 12.e5 Nxg3 13.fxg3 dxe5 14.O-O a6 15.Bd3 Kg8 16.Nxe5
Bxe5 17.Qh5 Qf8 18.Bg6 f6 19.Rae1 Bd4+ 20.Kh1 Bd7 21.d6 Nc6 22.Nd5 Kg7 23.Re7+
Nxe7 24.dxe7 Qg8 25.Nc7 Be8 {#R} 0-1

[Event "It"]
[Site "masterchessopen.com - Nykobing (Denmark)"]
[Round "0"]
[White "Kilgour David A (SCO)"]
[Black "Pedersen Erik (DEN)"]
[Result "0-1"]
[WhiteElo "2165"]
[BlackElo "2399"]

1.d4 Nf6 2.c4 c5 3.d5 e6 4.Nc3 exd5 5.cxd5 d6 6.e4 g6 7.Nf3 Bg7 8.Bg5 a6 9.Nd2
b5 10.a4 b4 11.Ncb1 O-O 12.Bd3 h6 13.Bh4 Qc7 14.O-O Re8 15.Qc2 Nbd7 16.Nc4 b3
17.Qxb3 Nxe4 18.Re1 Nef6 19.Rxe8+ Nxe8 20.Nbd2 Rb8 21.Qc2 Bb7 22.Ne3 Nef6
23.Bc4 Ne5 24.Rd1 Re8 25.Ba2 Qd7 26.h3 Nh5 27.Ndf1 Bc8 28.Bg3 Qe7 29.Bh2 Qh4
30.Nc4 Nxc4 31.Qxc4 Re4 32.Qc2 Bf5 33.Bxd6 Bd4 34.Qd2 Bxh3 35.g3 Qf6 36.Bc7
Qf3 {#R} 0-1

[Event "Tournament"]
[Site "masterchessopen.com - Odessa (Ukraine)"]
[Round "0"]
[White "Shashin Alexsander A (RUS)"]
[Black "Agzamov Georgy T (RUS)"]
[Result "1-0"]
[WhiteElo "2350"]
[BlackElo "2545"]

1.d4 Nf6 2.c4 c5 3.d5 e6 4.Nc3 exd5 5.cxd5 d6 6.Nf3 g6 7.e4 Bg7 8.Bg5 h6 9.Bh4
g5 10.Bg3 Nh5 11.Bb5+ Kf8 12.e5 Nxg3 13.fxg3 dxe5 14.O-O a6 15.Bd3 b5 16.Nd2
Ra7 17.Qh5 Kg8 18.Kh1 c4 19.Bc2 b4 20.Nce4 Qxd5 21.Rad1 Nc6 22.Nf6+ Bxf6
23.Ne4 Qe6 24.Rxf6 Qg4 25.Rxc6 Qxh5 26.Nf6+ Kf8 27.Rd8+ Ke7 28.Rxh8 {#r} 1-0

[Event "Tournament (active)"]
[Site "masterchessopen.com - Nijmegen (Netherlands)"]
[Date "1977.01.29"]
[Round "5"]
[White "Timman Jan H (NED)"]
[Black "Enklaar Bertus F (NED)"]
[Result "0-1"]
[WhiteElo "2590"]
[BlackElo "2390"]

1.d4 Nf6 2.c4 c5 3.d5 e6 4.Nc3 exd5 5.cxd5 d6 6.e4 g6 7.Bg5 Bg7 8.Nf3 h6 9.Bh4
a6 10.Nd2 b5 11.a4 b4 12.Ncb1 O-O 13.Bd3 Nbd7 14.Nc4 Qe7 15.Nbd2 Ne5 16.Nxe5
Qxe5 17.Nc4 Qd4 18.f3 Re8 19.Bf2 Qxd5 20.Nb6 Qc6 21.Nxa8 Qxa8 22.O-O Be6
23.Rc1 Nd7 24.b3 Bb2 25.Rb1 Bc3 26.f4 Nf6 27.Qf3 Ng4 28.f5 gxf5 29.exf5 Qxf3
30.gxf3 Nxf2 31.Kxf2 Bd5 32.Bxa6 Bd4+ 33.Kg2 Re3 34.a5 Bxb3 35.Rfe1 Rxe1
36.Rxe1 Bd5 37.Bd3 b3 38.f6 Bxf6 39.a6 c4 40.Bxc4 Bxc4 41.a7 Bd5 42.a8=Q+ Bxa8
43.Re8+ Kg7 44.Rxa8 b2 45.Rb8 Kg6 46.Rb5 Be5 47.f4 Bxf4 48.Rxb2 Kf5 49.Kf3 Be5
50.h3 Bxb2 {#R} 0-1

[Event "Tournament"]
[Site "masterchessopen.com - Alma-Ata (Kazakhstan)"]
[Round "0"]
[White "Novopashin Arkady (RUS)"]
[Black "Vaisser Anatoly (FRA)"]
[Result "1-0"]
[WhiteElo "2387"]
[BlackElo "2536"]

1.d4 Nf6 2.Nf3 e6 3.c4 c5 4.d5 exd5 5.cxd5 d6 6.Nc3 g6 7.e4 Bg7 8.Bg5 h6 9.Bh4
a6 10.Nd2 b5 11.Qc2 g5 12.Bg3 Nh5 13.a4 Nxg3 14.hxg3 b4 15.Nd1 Nd7 16.Ne3 Ne5
17.Be2 Qf6 18.Rb1 g4 19.f4 gxf3 20.gxf3 h5 21.f4 Qg6 22.Nef1 Ng4 23.Nf3 b3
24.Qd3 Rb8 25.N1d2 Rb4 26.Nc4 Rxc4 27.Qxc4 Ne3 28.Qxb3 Qxe4 29.Kd2 Qxd5+
30.Qxd5 Nxd5 31.Ng5 Bd4 32.Rxh5 Be3+ 33.Ke1 O-O 34.Ne4 f5 35.Nxd6 Be6 36.Rg5+
Kh7 37.Bc4 Nxf4 38.gxf4 Bxf4 39.Rg2 Rf6 40.Re2 Rh6 41.Rxe6 Rh1+ 42.Bf1 {#r}
1-0

[Event "Ch Great Britain"]
[Site "masterchessopen.com - Ayr (England)"]
[Round "3"]
[White "Flear Glenn C (ENG)"]
[Black "Povah Nigel E (ENG)"]
[Result "0-1"]
[WhiteElo "2471"]
[BlackElo "2302"]

1.d4 Nf6 2.c4 c5 3.d5 e6 4.Nc3 exd5 5.cxd5 d6 6.e4 g6 7.Nf3 Bg7 8.Bg5 h6 9.Bh4
a6 10.Nd2 b5 11.Be2 Nbd7 12.Qc2 O-O 13.O-O Re8 14.a4 b4 15.Nd1 Rb8 16.f4 Qc7
17.Bf3 a5 18.Ne3 Nb6 19.Rfe1 Nfd7 20.Kh1 Ba6 21.Be2 c4 22.Rac1 Rec8 23.Ndxc4
Nxc4 24.Bxc4 Bxc4 25.Qxc4 Qxc4 26.Nxc4 Bc3 27.Nxd6 Bxe1 28.Rxe1 Rc2 29.e5 Rd2
30.Nxf7 Kxf7 31.e6+ Ke8 32.exd7+ Kxd7 33.h3 Re8 34.Re5 Rxe5 35.fxe5 Rxd5
36.Bf6 Ke6 37.Kh2 Rd2 38.Kg3 Rxb2 39.Bd8 b3 40.Bxa5 Rc2 {#R} 0-1

[Event "Olympiad"]
[Site "masterchessopen.com - Buenos Aires (Argentina)"]
[Round "2"]
[White "Tempone Marcelo (ARG)"]
[Black "Paglilla Carlos (ARG)"]
[Result "0-1"]
[WhiteElo "2411"]
[BlackElo "2326"]

1.d4 c5 2.d5 e6 3.c4 Nf6 4.Nc3 exd5 5.cxd5 d6 6.Nf3 g6 7.e4 Bg7 8.Bg5 h6 9.Bh4
g5 10.Bg3 Nh5 11.Bb5+ Bd7 12.Bxd7+ Qxd7 13.Ne5 Qe7 14.Qxh5 Bxe5 15.Bxe5 Qxe5
16.O-O a6 17.Rfe1 Nd7 18.Re3 Qf6 19.e5 dxe5 20.Ne4 Qg6 21.Qxg6 fxg6 22.Nd6+
Ke7 23.Nc4 Kf6 24.Rf3+ Kg7 25.Re1 b5 26.Nxe5 Nxe5 27.Rxe5 Rhe8 28.Rfe3 Rxe5
29.Rxe5 Rd8 30.Kf1 Rd6 31.Ke2 Kf6 32.Re8 Rxd5 33.Rc8 Re5+ 34.Kd2 c4 35.f3 Rd5+
36.Ke2 Ke5 37.g4 Rd6 38.Rh8 Kd4 39.Rxh6 c3 40.Kd1 Re6 41.bxc3+ Kxc3 42.h4 gxh4
43.Rxh4 Rd6+ 44.Ke1 b4 45.f4 a5 46.f5 gxf5 47.gxf5 a4 48.Ke2 b3 49.axb3 axb3
50.Rh8 b2 51.Rc8+ Kb3 52.Rb8+ Kc2 53.Rc8+ Kb1 54.Rb8 Rf6 55.Rb5 Kc2 {#R} 0-1

[Event "Olympiad (w) (final B)"]
[Site "masterchessopen.com - Buenos Aires (Argentina)"]
[Round "4"]
[White "Nutu-Gajic Dana (AUS)"]
[Black "Cramling Pia (SWE)"]
[Result "0-1"]
[WhiteElo "2350"]
[BlackElo "2489"]

1.d4 Nf6 2.c4 c5 3.d5 e6 4.Nc3 exd5 5.cxd5 d6 6.Nf3 g6 7.e4 Bg7 8.Bg5 h6 9.Bh4
a6 10.Nd2 Qc7 11.a4 Nbd7 12.Nc4 O-O 13.Be2 Ne5 14.Ne3 Rb8 15.f4 Ned7 16.O-O
Re8 17.Qc2 Nh7 18.e5 dxe5 19.f5 e4 20.fxg6 fxg6 21.Bg3 Be5 22.Qxe4 Ndf8 23.d6
Qxd6 24.Bc4+ Kh8 25.Rad1 Qc7 26.Rf7 Bd7 27.Ncd5 Bxg3 28.Qf3 Bxh2+ 29.Kh1 Qe5
30.Nf1 Ng5 31.Qf2 Nxf7 32.Qxf7 Be6 33.Qf3 Bf4 34.g3 Bg5 35.Nh2 Bf5 36.Qf2 Qe4+
37.Nf3 Qxc4 38.Nxg5 hxg5 39.Qh2+ Kg7 40.b3 Qe4+ 41.Kg1 Rbd8 {#R} 0-1

[Event "Olympiad (w) (final B)"]
[Site "masterchessopen.com - Buenos Aires (Argentina)"]
[Round "2"]
[White "Nutu-Gajic Dana (AUS)"]
[Black "Depasquale Cathy"]
[Result "1-0"]
[WhiteElo "2350"]
[BlackElo "1800"]

1.d4 Nf6 2.c4 c5 3.d5 e6 4.Nc3 exd5 5.cxd5 d6 6.Nf3 g6 7.e4 Bg7 8.Bg5 h6 9.Bh4
g5 10.Bg3 Nh5 11.Bb5+ Kf8 12.e5 Nxg3 13.fxg3 dxe5 14.Qe2 a6 15.Bd3 e4 16.Bxe4
f5 17.O-O Bf6 18.Nd2 Kg7 19.Bxf5 Rf8 20.Bxc8 Qxc8 21.Nde4 Bd4+ 22.Kh1 Nd7
23.Nd6 Qd8 24.Nf5+ Kg6 25.Nxd4 cxd4 26.Qd3+ Kg7 27.Qxd4+ Nf6 28.d6 Qa5 29.Rae1
Rf7 30.Re7 Rf8 31.Qxf6+ {#r} 1-0

[Event "Ch Europe (juniors)"]
[Site "masterchessopen.com - Groningen (Netherlands)"]
[Round "11"]
[White "Hessenbruch Arne (LUX)"]
[Black "Cramling Dan (SWE)"]
[Result "0-1"]
[WhiteElo "2205"]
[BlackElo "2392"]

1.d4 Nf6 2.c4 c5 3.d5 e6 4.Nc3 exd5 5.cxd5 d6 6.e4 g6 7.Nf3 Bg7 8.Bg5 h6 9.Bh4
a6 10.Nd2 b5 11.a4 b4 12.Ncb1 Qe7 13.Bd3 Nbd7 14.O-O Ne5 15.Be2 g5 16.Bg3 O-O
17.Bxe5 Qxe5 18.Qc2 Re8 19.Bd3 Ng4 {#R} 0-1

[Event "It (open) \"]
[Site "masterchessopen.com - London (England)"]
[Round "0"]
[White "Ripley J (ENG)"]
[Black "Denman Brian (SCO)"]
[Result "0-1"]
[WhiteElo "2230"]
[BlackElo "2230"]

1.d4 Nf6 2.c4 c5 3.d5 e6 4.Nc3 exd5 5.cxd5 d6 6.Nf3 g6 7.e4 Bg7 8.Bg5 a6 9.Nd2
h6 10.Bh4 b5 11.a4 b4 12.Ncb1 Qe7 13.Bd3 Nbd7 14.O-O Ne5 15.Be2 g5 16.Bg3 Ng6
17.Nc4 Nxe4 18.Bd3 Nxg3 19.Re1 Ne5 20.hxg3 O-O 21.f4 gxf4 22.gxf4 Nf3+ 23.gxf3
Bd4+ 24.Kg2 Qh4 25.f5 Kh8 26.Re4 Qf2+ 27.Kh1 Bxf5 28.Qf1 Qxf1+ 29.Bxf1 Bxe4
30.fxe4 f5 31.Nbd2 fxe4 32.Nxe4 Rf4 33.Re1 Rg8 34.Bh3 Rh4 35.Kh2 Re8 36.Ncd2
Be5+ {#R} 0-1

[Event "It"]
[Site "masterchessopen.com - Pernik (Bulgaria)"]
[Round "12"]
[White "Tseitlin Michael (GER)"]
[Black "Antonov Vladimir (BUL)"]
[Result "1-0"]
[WhiteElo "2417"]
[BlackElo "2338"]

1.d4 Nf6 2.c4 e6 3.Nf3 c5 4.d5 exd5 5.cxd5 d6 6.Nc3 g6 7.e4 Bg7 8.Bg5 h6 9.Bh4
O-O 10.Nd2 Re8 11.Be2 Nbd7 12.O-O g5 13.Bg3 Ne5 14.Qc2 Nh7 15.f4 gxf4 16.Rxf4
Nf8 17.Raf1 Nfg6 18.Rf5 a6 19.Bh5 Rf8 20.Bxg6 fxg6 21.Rxf8+ Bxf8 22.Bxe5 dxe5
23.Nc4 Bg7 24.Qf2 b5 25.Qf7+ Kh7 26.Nxe5 Qg5 27.Nf3 Qe3+ 28.Kh1 c4 29.Re1 Qb6
30.e5 Bf5 31.d6 Rf8 32.Nd5 Qf2 33.Nf6+ Kh8 34.Qe7 Bh3 35.gxh3 Qxf3+ 36.Kg1 Qd3
37.d7 Qd2 38.Rf1 Qd4+ 39.Rf2 h5 40.Qe8 {#r} 1-0

[Event "Ch Denmark (juniors)"]
[Site "masterchessopen.com - Ribe (Denmark)"]
[Round "3"]
[White "Norris Alan J (SCO)"]
[Black "Pedersen Erik (DEN)"]
[Result "0-1"]
[WhiteElo "2304"]
[BlackElo "2399"]

1.d4 Nf6 2.c4 c5 3.d5 e6 4.Nc3 exd5 5.cxd5 d6 6.e4 g6 7.Nf3 Bg7 8.Bg5 h6 9.Bh4
a6 10.Nd2 b5 11.a4 b4 12.Ncb1 O-O 13.Bd3 Re8 14.O-O Qc7 15.Qc2 Nbd7 16.Nc4 b3
17.Qxb3 Nxe4 18.Re1 Nef6 19.Nc3 Rb8 20.Qc2 Bb7 21.Bg3 Rxe1+ 22.Rxe1 Re8
23.Rxe8+ Nxe8 24.Qe2 Ndf6 25.a5 Qd8 26.Nb6 Nc7 27.h3 Nh5 28.Bh2 Bxc3 29.bxc3
Nxd5 30.Bxg6 Nhf4 31.Qc4 Nxg6 32.Nxd5 Bxd5 33.Qxd5 Qxa5 34.Bxd6 Qxc3 35.Bxc5
Qe1+ 36.Kh2 Qe5+ 37.Qxe5 Nxe5 38.Be3 Kh7 39.Kg3 a5 40.Kf4 Nc4 41.Bd4 Kg6
42.Ke4 Nd6+ 43.Kd3 Nf5 44.Bc3 a4 45.g3 h5 46.Bb4 Ng7 47.Ke4 Ne6 48.f4 f5+
49.Kd5 Ng7 50.h4 Ne8 51.Ke6 Nf6 52.Ke5 Ne4 53.g4 hxg4 54.h5+ Kxh5 55.Kxf5 g3
56.Kxe4 g2 57.Bc5 a3 58.Kf3 a2 {#R} 0-1

[Event "Ch Denmark (juniors)"]
[Site "masterchessopen.com - Ribe (Denmark)"]
[Round "1"]
[White "Stigar Petter (NOR)"]
[Black "Pedersen Erik (DEN)"]
[Result "0-1"]
[WhiteElo "2298"]
[BlackElo "2399"]

1.d4 Nf6 2.c4 c5 3.d5 e6 4.Nc3 exd5 5.cxd5 d6 6.Nf3 g6 7.e4 Bg7 8.Bg5 h6 9.Bh4
a6 10.Nd2 b5 11.a4 b4 12.Ncb1 O-O 13.f3 g5 14.Bf2 Re8 15.Be2 Qe7 16.Nc4 Bb7
17.Nbd2 Nh5 18.g4 Nf4 19.Rb1 Nd7 20.Ne3 Ne5 21.Ndc4 Nxc4 22.Bxc4 Bc8 23.Kf1
Bd4 24.Nf5 Bxf5 25.gxf5 Bxf2 26.Kxf2 g4 27.Be2 Qh4+ 28.Ke3 Ng2+ 29.Kd3 c4+
{#R} 0-1

[Event "Ch New Zealand"]
[Site "masterchessopen.com - Wellington (New Zealand)"]
[Round "7"]
[White "Anderson Bruce R (NZL)"]
[Black "Clemance Philip A (NZL)"]
[Result "0-1"]
[WhiteElo "2188"]
[BlackElo "2355"]

1.d4 Nf6 2.c4 e6 3.Nf3 c5 4.d5 exd5 5.cxd5 d6 6.Nc3 g6 7.Bg5 Bg7 8.e4 h6 9.Bh4
g5 10.Bg3 Nh5 11.Bb5+ Kf8 12.e5 Nxg3 13.fxg3 Nd7 14.e6 Nf6 15.O-O fxe6 16.dxe6
Bxe6 17.Qe2 Bf7 18.Rad1 Qc7 19.Bc4 Re8 20.Qd3 Bxc4 21.Qxc4 Qf7 22.Qb5 Re6
23.Nd2 a6 24.Qb6 Kg8 25.Nde4 Kh7 26.Nxd6 Qe7 27.Qxc5 Rb8 28.Nd5 Nxd5 29.Qxd5
Rd8 30.Qf5+ Kg8 {#R} 0-1

[Event "It (juniors) (under 18)"]
[Site "masterchessopen.com - Decin (Czech Republic)"]
[Round "5"]
[White "Stempin Pawel (POL)"]
[Black "Kucera Petr 88 (CZE)"]
[Result "1-0"]
[WhiteElo "2362"]
[BlackElo "2158"]

1.d4 Nf6 2.c4 e6 3.Nf3 c5 4.d5 exd5 5.cxd5 d6 6.Nc3 g6 7.Bg5 Bg7 8.e4 h6 9.Bh4
a6 10.Nd2 b5 11.a4 b4 12.Ncb1 O-O 13.Bd3 Re8 14.O-O Nbd7 15.f4 Qc7 16.Qf3 a5
17.Nc4 Ba6 18.Nbd2 Nb6 19.Rae1 Nxc4 20.Nxc4 Nd7 21.e5 Bxc4 22.Bxc4 dxe5 23.d6
Qa7 24.Bxf7+ Kh7 25.Qg4 Rec8 26.Qxg6+ Kh8 27.fxe5 {#r} 1-0

[Event "Ch Belarus"]
[Site "masterchessopen.com - Minsk (Belarus)"]
[Round "0"]
[White "Ryskin Alexander (BLR)"]
[Black "Botvinnik Ilia (ISR)"]
[Result "1-0"]
[WhiteElo "2440"]
[BlackElo "2369"]

1.d4 Nf6 2.c4 c5 3.d5 e6 4.Nc3 exd5 5.cxd5 g6 6.e4 d6 7.Nf3 Bg7 8.Bg5 a6 9.Nd2
b5 10.Be2 O-O 11.O-O Nbd7 12.Qc2 Re8 13.a4 b4 14.Nd1 Qc7 15.Ne3 b3 16.Qb1 Rb8
17.Rc1 Rb4 18.Rc4 a5 19.Rxb4 cxb4 20.Bb5 h6 21.Bxf6 Bxf6 22.Nxb3 Rd8 23.Nc4
Ne5 24.Nbxa5 Nxc4 25.Nxc4 Qc5 26.Qd3 Bd4 27.Qd2 g5 28.Rd1 Bg7 29.Rc1 Qa7 {#r}
1-0

[Event "Ch Poland"]
[Site "masterchessopen.com - Tarnow (Poland)"]
[Round "1"]
[White "Stempin Pawel (POL)"]
[Black "Marszalek Rafal (POL)"]
[Result "0-1"]
[WhiteElo "2362"]
[BlackElo "2200"]

1.d4 Nf6 2.c4 c5 3.d5 e6 4.Nc3 exd5 5.cxd5 d6 6.Nf3 g6 7.Bg5 Bg7 8.e4 a6 9.Nd2
b5 10.a4 b4 11.Ncb1 h6 12.Bh4 Qe7 13.Be2 O-O 14.O-O g5 15.Bg3 Nxe4 16.Nxe4
Qxe4 17.Bxd6 Re8 18.Bf3 Qd4 19.Nd2 Bf5 20.Rc1 Nd7 21.Re1 g4 22.Be2 Qxd5 23.Nc4
Qxd1 24.Rcxd1 Be6 25.Rb1 Bf5 26.Rbc1 Bd4 27.Kf1 h5 28.Red1 Re6 29.Bd3 Bxd3+
30.Rxd3 Rae8 31.Rd2 Nf6 32.Bg3 Ne4 33.Rd3 Nxg3+ {#R} 0-1

[Event "It (juniors) (under 20)"]
[Site "masterchessopen.com - Bydgoszcz (Poland)"]
[Round "0"]
[White "Stempin Pawel (POL)"]
[Black "Ksieski Zbigniew (POL)"]
[Result "1-0"]
[WhiteElo "2362"]
[BlackElo "2345"]

1.d4 Nf6 2.c4 c5 3.d5 e6 4.Nc3 exd5 5.cxd5 d6 6.e4 g6 7.Nf3 Bg7 8.Bg5 a6 9.Nd2
b5 10.a4 b4 11.Ncb1 h6 12.Bh4 O-O 13.Bd3 Re8 14.O-O Qc7 15.Re1 Nbd7 16.Nc4 Nh5
17.Nbd2 Nf4 18.Bf1 Ne5 19.Bg3 Nfd3 20.Bxd3 Nxd3 21.Bxd6 Qa7 22.Nb3 Nxe1
23.Qxe1 Bd4 24.Nxd4 cxd4 25.a5 Bf5 26.f3 d3+ 27.Nb6 Rac8 28.Qd2 Rcd8 29.Bxb4
Bxe4 30.fxe4 Rxe4 31.Kh1 Qc7 32.Bc3 Rh4 33.h3 Qg3 34.Re1 Rf4 35.Kg1 Kh7 36.Qe3
Qg5 37.g3 Rf5 38.Qxg5 hxg5 39.Rf1 Kh6 40.Rd1 Re8 41.Rxd3 Re2 42.d6 Rff2 43.Bd4
Rd2 44.Rxd2 Rxd2 45.Bc5 {#r} 1-0